000 00517nam a22001937a 4500
999 _c143
_d143
003 OSt
005 20200122155700.0
008 140707b xxu||||| |||| 00| 0 eng d
020 _a0030839939
040 _cDDC
082 _222nd ed.
_a530.4
_b ASH 2011
100 _aAshcroft, Neil W.; Mermin, David N.
_9375
245 _aSolid State Physics
260 _aAndover:
_bCengage
_c2011
300 _axxi,826p;
_bIll
_c23cm
504 _aAppendix, index included
650 _aSolid state physics
_9376
942 _2z
_cB_BANK